| 000 | 00821nam a2200301Ia 4500 | ||
|---|---|---|---|
| 001 | 60064 | ||
| 003 | IT-RoPAU | ||
| 008 | 130308s9999 xx 000 0 und d | ||
| 040 | _aIT-RoPAU | ||
| 040 | _cIT-RoPAU | ||
| 041 | _aINGLESE | ||
| 100 | _aSmith Lorna | ||
| 100 | _gCodice Aut. SPICS: 21185 | ||
| 245 | _aWomen Beyond Culture | ||
| 245 | _bIntroduction to Contemporary Cultural Studies | ||
| 250 | _a1a ed. | ||
| 260 | _aLONDON | ||
| 260 | _bLongman Group Limited | ||
| 260 | _c1986 [1° Ed.:1986 - Ed.Ling.Originale:1986] | ||
| 300 | _a"23 p. (prefazione: no ; testo: 23 [pagine: 329-351])" | ||
| 500 | _aDonne di Fronte Alla Cultura | ||
| 650 | _aEDUCAZIONE ALLA COMUNICAZIONE SOCIALE | ||
| 650 | _eCodice materia Spics: 3812 | ||
| 942 | _cBK | ||
| 957 | _71 | ||
| 999 |
_c45817 _d45817 |
||
| 999 | _bSI | ||
| 999 | _g1 | ||